Vector analysis with applications (Record no. 5838)

000 -LEADER
fixed length control field 00528nam a22002051 4500
001 - CONTROL NUMBER
control field 5838
003 - CONTROL NUMBER IDENTIFIER
control field BD-DhUET
008 - FIXED-LENGTH DATA ELEMENTS--GENERAL INFORMATION
fixed length control field 861017s1932 enka 000 0 eng c
020 ## - INTERNATIONAL STANDARD BOOK NUMBER
International Standard Book Number 8122405487
040 ## - CATALOGING SOURCE
Original cataloging agency DLC/ICU
Transcribing agency CGU
Modifying agency BD-DhUET
082 0# - DEWEY DECIMAL CLASSIFICATION NUMBER
Classification number 516.83
Item number ALI/1993
100 ## - MAIN ENTRY--PERSONAL NAME
Personal name Ali Ashraf, Md.
245 10 - TITLE STATEMENT
Title Vector analysis with applications
250 ## - EDITION STATEMENT
Edition statement 3rd ed.
260 ## - PUBLICATION, DISTRIBUTION, ETC. (IMPRINT)
Place of publication, distribution, etc. New Delhi
Name of publisher, distributor, etc. Wiley Eastern
Date of publication, distribution, etc. 1993
300 ## - PHYSICAL DESCRIPTION
Extent xv,308p.
Other physical details ill.
Dimensions 23 cm.
504 ## - BIBLIOGRAPHY, ETC. NOTE
Bibliography, etc Includes bibliographies
650 #0 - SUBJECT ADDED ENTRY--TOPICAL TERM
Topical term or geographic name as entry element Vector analysis
942 ## - ADDED ENTRY ELEMENTS (KOHA)
Koha item type General Book
Holdings
Not for loan Piece designation (barcode) Lost status Shelving location Koha renewals Koha normalized classification for sorting Koha date last seen Price effective from Damaged status Source of classification or shelving scheme Copy number Koha full call number Location (home branch) Koha item type Koha out on loan Date acquired Withdrawn status Sublocation or collection (holding branch) Koha date last borrowed Koha issues (times borrowed)
 87531 Circulation section 516_830000000000000_ALI_19932022-12-132014-11-29  8516.83/ALI/1993Central Library, BUETGeneral Book2022-12-272014-11-29 Central Library, BUET2022-12-133
 87528 Circulation section1516_830000000000000_ALI_19982025-05-132014-12-21  2516.83/ALI/1998Central Library, BUETGeneral Book 2014-12-21 Central Library, BUET2025-04-2913
 87530 Circulation section 516_830000000000000_ALI_19982016-04-022015-01-27  3516.83/ALI/1998Central Library, BUETGeneral Book 2015-01-27 Central Library, BUET  
 48783 Circulation section 516_830000000000000_ALI_19982025-11-302015-01-31  4516.83/ALI/1998Central Library, BUETGeneral Book 2015-01-31 Central Library, BUET2022-12-136
 94102 Circulation section 516_830000000000000_ALI_19982020-11-032015-02-11  1516.83/ALI/1998Central Library, BUETGeneral Book 2015-02-11 Central Library, BUET2020-01-055
 87525 Circulation section 516_830000000000000_ALI_19932025-11-182015-04-11  7516.83/ALI/1993Central Library, BUETGeneral Book 2015-04-11 Central Library, BUET2024-04-028
 87526 Circulation section 516_830000000000000_ALI_19932025-11-292015-04-23  6516.83/ALI/1993Central Library, BUETGeneral Book 2015-04-23 Central Library, BUET2023-09-276
 87529 Circulation section 516_830000000000000_ALI_19932022-05-252015-05-03  7516.83/ALI/1993Central Library, BUETGeneral Book 2015-05-03 Central Library, BUET2022-03-302
 87550 Reading section 516_830000000000000_ALI_19932015-06-072015-06-07  9516.83/ALI/1993Central Library, BUETReading Item 2015-06-07 Central Library, BUET  
 92374 Reading section 516_830000000000000_ALI_19932015-06-072015-06-07  10516.83/ALI/1993Central Library, BUETReading Item 2015-06-07 Central Library, BUET  
 94100 Reading section 516_830000000000000_ALI_19932015-06-082015-06-08  12516.83/ALI/1993Central Library, BUETReading Item 2015-06-08 Central Library, BUET  
 87551 Reading section 516_830000000000000_ALI_19932015-06-142015-06-14  13516.83/ALI/1993Central Library, BUETReading Item 2015-06-14 Central Library, BUET  
 87527 Circulation section 516_830000000000000_ALI_19932017-03-042015-09-02  14516.83/ALI/1993Central Library, BUETGeneral Book 2015-09-02 Central Library, BUET